• 首页
  • 本馆介绍
  • 公告通知
  • 最新文献
  • 馆藏检索
  • 电子资源
  • 读者导购
  • 参考咨询
  • 我的图书馆
  • 登录
  • 详细信息显示
  • 放入我的书架
  • 预约/预借图书
  • 作者相关作品
  • 分类相关作品
  • 丛书相关作品
  • 出版社相关作品

书目信息

  • 表格格式
  • 工作单格式
  • 卡片格式
题名:
简明耳穴诊疗法
    
 
作者: 汪至纯 张远炎编著
分册:  
出版信息: 北京   人民军医出版社  1996.04
页数: 194页
开本: 32开
丛书名:
单 册:
中图分类: R245.32
科图分类:
主题词: 中医学:临床医学
电子资源:
ISBN: 7-80020-621-1
000 00568nam0 2200181 45
001 9911301546
005 19991130153721.7
010    @a7-80020-621-1@d10.00
100    @a19991130d1996 km y0chiy0120 ea
101    @achi
105    @a z 000yy
200 1  @a简明耳穴诊疗法@AJian Ming Er Xue Zhen Liao Fa@f汪至纯 张远炎编著@FWang Zhi Chun Zhang Yuan Yan Bian Zhu
210    @a北京@c人民军医出版社@d1996.04
215    @a194页@c无图表@d32开
606 0  @a中医学:临床医学
690    @aR245.32@v3
801    @aCN@bPerfectUser@c19991130
905    @aBZT@b49148-152@f5@dR245.32@e2
    
    简明耳穴诊疗法/汪至纯 张远炎编著.-北京:人民军医出版社,1996.04
    194页:无图表;32开
    
    
    ISBN 7-80020-621-1:10.00
    
●
相关链接 在五车中查询图书 在当当中查询图书 在豆瓣中查询图书


正题名:简明耳穴诊疗法     索取号:R245.32/2         预约/预借

序号 登录号 条形码 馆藏地/架位号 状态 备注
1 49148   200564727   中心书库中库/ 中库003架B面1列1层13/ [索取号:R245.32/2] 在馆    
2 49149   200564736   中心书库中库/ 中库003架A面5列3层17/ [索取号:R245.32/2] 在馆    
3 49150   200564745   中心书库中库/ 中库003架A面6列5层63/ [索取号:R245.32/2] 在馆    
4 49151   200564754   中心书库中库/ 中库003架A面6列5层62/ [索取号:R245.32/2] 在馆    
山东省滨州职业学院图书馆 欢迎您!
大连网信软件有限公司© 版权所有